[Event "3. Open de Calviá 2006 Aficionados"]
[Site "Calvia ESP"]
[Date "2006.10.18"]
[Round "8.12"]
[White "Delgadillo Torrico, Felipe"]
[Black "Kozarcanin, Sead"]
[Result "0-1"]
[WhiteElo "2065"]
[BlackElo "2213"]
[PlyCount "108"]
[EventDate "2006.10.20"]
[EventType "swiss"]
[EventRounds "9"]
[EventCountry "ESP"]
[Source "lmi"]
[SourceDate "2006.10.20"]

1. e4 e5 2. Nf3 Nc6 3. Bb5 g6 4. c3 Qe7 5. O-O d6 6. d4 Bd7 7. Re1 a6 8. Bd3
Bg7 9. d5 Nd8 10. Qc2 Nh6 11. h3 O-O 12. Nh2 f5 13. f3 Ndf7 14. Be3 Bf6 15. Nd2
Bg5 16. Bf2 Bxd2 17. Qxd2 Kg7 18. Kh1 f4 19. b4 a5 20. a3 b6 21. c4 Rfb8 22.
Rec1 Ng8 23. c5 bxc5 24. bxc5 Bb5 25. c6 Bxd3 26. Qxd3 Rb2 27. Rc2 Rab8 28. Qc3
R2b5 29. Raa2 Qd8 30. Rab2 Qc8 31. Rxb5 Rxb5 32. Rb2 Rxb2 33. Qxb2 Nd8 34. Qb5
Qa8 35. a4 Ne7 36. Nf1 g5 37. Nd2 h5 38. Nc4 Ndxc6 39. dxc6 Nxc6 40. Be1 Kf6
41. Nxa5 Nd4 42. Qb7 Qe8 43. Qxc7 Qxa4 44. Qxd6+ Kf7 45. Qc7+ Kg6 46. Qd6+ Kh7
47. Qe7+ Kg6 48. Qb4 Qd1 49. Qd2 Qb1 50. Kh2 g4 51. hxg4 hxg4 52. Nc4 Qb5 53.
Qc3 g3+ 54. Kg1 Ne2+ 0-1

[Event "3. Open de Calviá 2006 Aficionados"]
[Site "Calvia ESP"]
[Date "2006.10.18"]
[Round "8.13"]
[White "Martin Rodriguez, Emilio"]
[Black "Valls Casas, Jordi"]
[Result "1-0"]
[WhiteElo "2130"]
[BlackElo "2095"]
[PlyCount "63"]
[EventDate "2006.10.20"]
[EventType "swiss"]
[EventRounds "9"]
[EventCountry "ESP"]
[Source "lmi"]
[SourceDate "2006.10.20"]

1. d4 d5 2. c4 c6 3. Nf3 e6 4. Nc3 Nf6 5. Bg5 Nbd7 6. cxd5 exd5 7. Qc2 h6 8.
Bh4 Qa5 9. e3 Bd6 10. Bd3 b5 11. O-O Bb7 12. e4 dxe4 13. Nxe4 Nxe4 14. Bxe4 Qc7
15. Bh7 Kf8 16. Rae1 Nf6 17. Bxf6 gxf6 18. Be4 Rg8 19. g3 Rc8 20. Nh4 b4 21.
Qd2 Rg5 22. Rc1 c5 23. f4 Rh5 24. Qg2 Bxe4 25. Qxe4 Kg8 26. Qf3 Rxh4 27. gxh4
Kh8 28. Kh1 c4 29. Rc2 c3 30. Rg2 Rg8 31. Rfg1 Rxg2 32. Qxg2 1-0

[Event "3. Open de Calviá 2006 Aficionados"]
[Site "Calvia ESP"]
[Date "2006.10.18"]
[Round "8.14"]
[White "Moreno Cervera, Jose Luis"]
[Black "Castell Cantero, Salvador"]
[Result "1-0"]
[WhiteElo "1959"]
[BlackElo "2111"]
[PlyCount "84"]
[EventDate "2006.10.20"]
[EventType "swiss"]
[EventRounds "9"]
[EventCountry "ESP"]
[Source "lmi"]
[SourceDate "2006.10.20"]

1. d4 Nf6 2. Bf4 g6 3. e3 Bg7 4. Nf3 O-O 5. Be2 d6 6. O-O Nbd7 7. h3 c6 8. c3
Qc7 9. Nbd2 e5 10. Bh2 Re8 11. a4 e4 12. Ne1 Nf8 13. c4 Qe7 14. b4 d5 15. c5
N6d7 16. b5 Ne6 17. bxc6 bxc6 18. a5 f5 19. Qa4 Nd8 20. Nc2 Qf6 21. Nb4 Re6 22.
a6 g5 23. Bc7 Nb8 24. Nb3 f4 25. Bg4 Bd7 26. Bxd8 Qxd8 27. Bxe6+ Bxe6 28. Nxc6
Qf6 29. Ne5 Qe7 30. c6 Bxe5 31. dxe5 f3 32. Nd4 g4 33. g3 h5 34. Nxe6 Qxe6 35.
h4 Nxc6 36. Rab1 Nxe5 37. Rb7 Nc6 38. Rc7 Ne5 39. Rb1 Nc4 40. Qa1 Ne5 41. Rbb7
Rd8 42. Rg7+ Kf8 1-0

[Event "3. Open de Calviá 2006 Aficionados"]
[Site "Calvia ESP"]
[Date "2006.10.18"]
[Round "8.15"]
[White "Bergas Ferriol, Jeronimo"]
[Black "Juan Mas, Santiago"]
[Result "1-0"]
[WhiteElo "2108"]
[BlackElo "2059"]
[PlyCount "119"]
[EventDate "2006.10.20"]
[EventType "swiss"]
[EventRounds "9"]
[EventCountry "ESP"]
[Source "lmi"]
[SourceDate "2006.10.20"]

1. e4 d5 2. exd5 Qxd5 3. Nc3 Qa5 4. d4 Nf6 5. Bd3 Bg4 6. f3 Bh5 7. Nge2 Nbd7 8.
Bd2 c6 9. Nf4 Qb6 10. d5 cxd5 11. Nxh5 Nxh5 12. Nxd5 Qe6+ 13. Be4 O-O-O 14. Qe2
Ne5 15. g4 Rxd5 16. O-O-O Nc6 17. Rhe1 Nf6 18. Bxd5 Qxe2 19. Rxe2 Nxd5 20. a3
e6 21. c4 Nb6 22. Re4 Be7 23. Bc3 Bf6 24. Bxf6 gxf6 25. b3 Rd8 26. Rxd8+ Kxd8
27. Re3 Nd7 28. f4 Ke7 29. Rh3 Nf8 30. b4 e5 31. f5 Nd4 32. Kd2 Kd6 33. Kd3 a6
34. Ke4 Ne2 35. c5+ Ke7 36. a4 Nf4 37. Rc3 Ne2 38. Rc4 Nd4 39. Rc3 Nd7 40. Kd5
Nb8 41. Kc4 Nbc6 42. b5 axb5+ 43. axb5 Na7 44. c6 b6 45. Rh3 Naxb5 46. Rxh7 Nc7
47. h4 Nxc6 48. g5 fxg5 49. hxg5 Nd8 50. g6 Kf8 51. Rh8+ Kg7 52. Rxd8 fxg6 53.
Rd7+ Kf6 54. Rxc7 gxf5 55. Rc6+ Kg5 56. Rxb6 e4 57. Kd4 Kf4 58. Rb3 Kg4 59. Ke5
Kg5 60. Rg3+ 1-0

[Event "3. Open de Calviá 2006 Aficionados"]
[Site "Calvia ESP"]
[Date "2006.10.18"]
[Round "8.16"]
[White "Loerke, Reinhard"]
[Black "Kitchlew, Andrew"]
[Result "1-0"]
[WhiteElo "2014"]
[BlackElo "2107"]
[PlyCount "62"]
[EventDate "2006.10.20"]
[EventType "swiss"]
[EventRounds "9"]
[EventCountry "ESP"]
[Source "lmi"]
[SourceDate "2006.10.20"]

1. e4 d6 2. f4 e5 3. Nf3 exf4 4. Bc4 Be6 5. Bxe6 fxe6 6. d4 Qf6 7. Qe2 Nc6 8.
d5 Nd4 9. Nxd4 Qxd4 10. c3 Qe5 11. O-O g5 12. Qb5+ Kd8 13. Qxb7 Rc8 14. dxe6
Nf6 15. Qxa7 Qxe6 16. Nd2 Be7 17. Qd4 Re8 18. Re1 g4 19. Nf1 Nh5 20. e5 Bh4 21.
g3 fxg3 22. hxg3 Nxg3 23. Nxg3 Bxg3 24. Bg5+ Kd7 25. exd6 Qxd6 26. Qxg4+ Kc6
27. Rxe8 Rxe8 28. Qa4+ Kb7 29. Qxe8 Qb6+ 30. Qe3 Qxb2 31. Qe4+ Kc8 1-0

[Event "3. Open de Calviá 2006 Aficionados"]
[Site "Calvia ESP"]
[Date "2006.10.18"]
[Round "8.17"]
[White "Veras Sanz, Jose Antonio"]
[Black "Perez Prieto, German"]
[Result "0-1"]
[WhiteElo "1663"]
[BlackElo "2079"]
[PlyCount "46"]
[EventDate "2006.10.20"]
[EventType "swiss"]
[EventRounds "9"]
[EventCountry "ESP"]
[Source "lmi"]
[SourceDate "2006.10.20"]

1. Nf3 Nf6 2. g3 g6 3. Bg2 Bg7 4. d3 d5 5. O-O O-O 6. Nbd2 c5 7. e4 Nc6 8. exd5
Nxd5 9. Nb3 b6 10. Re1 Rb8 11. Rb1 Bb7 12. Bd2 h6 13. Qc1 Kh7 14. h4 e6 15. g4
Nde7 16. Bf4 Rc8 17. Ne5 Nd5 18. g5 Nxf4 19. Bxc6 Nh3+ 20. Kg2 Bxc6+ 21. Kxh3
Bxe5 22. Rxe5 hxg5 23. Qxg5 f6 0-1

[Event "3. Open de Calviá 2006 Aficionados"]
[Site "Calvia ESP"]
[Date "2006.10.18"]
[Round "8.18"]
[White "Martinez Vicario, Jose Maria"]
[Black "Vazquez Gonzalez, Jesus"]
[Result "0-1"]
[WhiteElo "2051"]
[BlackElo "2185"]
[PlyCount "128"]
[EventDate "2006.10.20"]
[EventType "swiss"]
[EventRounds "9"]
[EventCountry "ESP"]
[Source "lmi"]
[SourceDate "2006.10.20"]

1. e4 c5 2. Nc3 Nc6 3. g3 g6 4. Bg2 Bg7 5. d3 e5 6. Be3 d6 7. Qd2 Be6 8. Nge2
Qd7 9. f4 f5 10. fxe5 Nxe5 11. Nf4 Ng4 12. Nxe6 Qxe6 13. Nd5 Rc8 14. exf5 gxf5
15. O-O-O Nxe3 16. Qxe3 Bh6 17. Rde1 Bxe3+ 18. Rxe3 Qxe3+ 19. Nxe3 Ne7 20. Bxb7
Rc7 21. Bg2 O-O 22. Rf1 Kg7 23. Bh3 Kg6 24. g4 f4 25. Nc4 Rf6 26. Bg2 Kg5 27.
Bf3 Rd7 28. Nd2 d5 29. c4 Rh6 30. cxd5 Nxd5 31. Ne4+ Kg6 32. Nxc5 Rc7 33. d4
Ne3 34. Rf2 Rh4 35. b4 Nxg4 36. Rg2 h5 37. d5 Rxh2 38. d6 Rc8 39. Bxg4 hxg4 40.
Rxg4+ Kf5 41. d7 Rch8 42. Rxf4+ Kxf4 43. Ne6+ Ke4 44. d8=Q Rxd8 45. Nxd8 Rxa2
46. Kb1 Ra4 47. Nc6 Kd5 48. Ne7+ Kc4 49. Nc6 Kb5 50. Nd4+ Kxb4 51. Kb2 Ra6 52.
Nc2+ Ka4 53. Ne3 Rh6 54. Ng4 Rh3 55. Ne5 a5 56. Nc6 Kb5 57. Nd4+ Kc4 58. Nc6 a4
59. Ne5+ Kb5 60. Ka2 a3 61. Ka1 Ka4 62. Nc4 Rh1+ 63. Ka2 Rh2+ 64. Kb1 Kb4 0-1

[Event "3. Open de Calviá 2006 Aficionados"]
[Site "Calvia ESP"]
[Date "2006.10.18"]
[Round "8.19"]
[White "Oliver Serrano, Angel"]
[Black "Ramon Sanchez Campins, Pedro"]
[Result "1-0"]
[WhiteElo "2153"]
[BlackElo "1629"]
[PlyCount "85"]
[EventDate "2006.10.20"]
[EventType "swiss"]
[EventRounds "9"]
[EventCountry "ESP"]
[Source "lmi"]
[SourceDate "2006.10.20"]

1. e4 d5 2. exd5 Qxd5 3. Nc3 Qd8 4. d4 Nf6 5. Nf3 e6 6. Bc4 a6 7. a4 Bb4 8. O-O
O-O 9. Bg5 Bd7 10. Qe2 Bc6 11. Rfd1 Bd5 12. Bxf6 gxf6 13. Nxd5 exd5 14. Bb3 Nc6
15. c3 Re8 16. Qd3 Bf8 17. Bc2 Re4 18. Nd2 f5 19. Nxe4 dxe4 20. Qh3 Qg5 21. Qg3
Qg7 22. Qxc7 f6 23. Qxg7+ Kxg7 24. g4 Kg6 25. gxf5+ Kxf5 26. f3 Bd6 27. Bxe4+
Kf4 28. Kf2 f5 29. Bxc6 bxc6 30. b4 Be7 31. Rd3 Re8 32. Kf1 Bh4 33. Rad1 Re3
34. Rxe3 Kxe3 35. d5 cxd5 36. Rxd5 Bf6 37. Rxf5 Bxc3 38. b5 axb5 39. axb5 Bd4
40. Rd5 Bb6 41. Kg2 Kf4 42. Rd6 Bc5 43. Rc6 1-0

[Event "3. Open de Calviá 2006 Aficionados"]
[Site "Calvia ESP"]
[Date "2006.10.18"]
[Round "8.20"]
[White "Luijpen, Michiel"]
[Black "Moreno Garcia, Alfonso"]
[Result "1/2-1/2"]
[WhiteElo "2126"]
[BlackElo "1988"]
[PlyCount "116"]
[EventDate "2006.10.20"]
[EventType "swiss"]
[EventRounds "9"]
[EventCountry "ESP"]
[Source "lmi"]
[SourceDate "2006.10.20"]

1. e4 e5 2. Nf3 Nc6 3. Bb5 a6 4. Ba4 Nf6 5. O-O Be7 6. Re1 b5 7. Bb3 O-O 8. c3
d6 9. d4 Bg4 10. Be3 Re8 11. h3 Bh5 12. Nbd2 Bf8 13. Bg5 Na5 14. Bc2 c5 15. Nf1
Nc4 16. g4 Bg6 17. Rb1 Be7 18. Ng3 h6 19. Bc1 cxd4 20. b3 Nb6 21. cxd4 Qc7 22.
Bb2 Bf8 23. Rc1 Nbd7 24. Nf5 Rac8 25. Bb1 Qb8 26. Qd2 Rxc1 27. Rxc1 d5 28. dxe5
dxe4 29. exf6 Bxf5 30. gxf5 Bc5 31. Bd4 Bxd4 32. Nxd4 e3 33. fxe3 Qg3+ 34. Qg2
Qxe3+ 35. Kh2 Nxf6 36. Rd1 Rd8 37. Rg1 Nh5 38. Nf3 Qf4+ 39. Kh1 Re8 40. Qg4 Re3
41. Qxh5 Rxf3 42. Qg4 Qxg4 43. hxg4 Rf2 44. Re1 Kf8 45. a4 Rb2 46. axb5 axb5
47. Be4 Rxb3 48. Kg2 b4 49. Kf2 Rh3 50. Rb1 b3 51. Rb2 Rc3 52. Kf1 Ke7 53. Bd5
Rc1+ 54. Ke2 Rc2+ 55. Rxc2 bxc2 56. Kd2 Kf6 57. Kxc2 g6 58. Be4 Kg5 1/2-1/2

[Event "3. Open de Calviá 2006 Aficionados"]
[Site "Calvia ESP"]
[Date "2006.10.19"]
[Round "9.1"]
[White "Uribe Arteaga, Daniel"]
[Black "Vrban, Mladen"]
[Result "0-1"]
[WhiteElo "2202"]
[BlackElo "2297"]
[PlyCount "80"]
[EventDate "2006.10.20"]
[EventType "swiss"]
[EventRounds "9"]
[EventCountry "ESP"]
[Source "lmi"]
[SourceDate "2006.10.20"]

1. e4 c6 2. d3 d5 3. Nd2 g6 4. Ngf3 Bg7 5. g3 e5 6. Bg2 Ne7 7. O-O O-O 8. b4 d4
9. a4 h6 10. b5 Be6 11. Ba3 Re8 12. Qb1 Qc7 13. Qb2 Nd7 14. c3 dxc3 15. Qxc3 c5
16. Nc4 Bxc4 17. Qxc4 b6 18. Rac1 Rad8 19. Bb2 Qd6 20. Bh3 Nf8 21. Rfd1 Nc8 22.
a5 Ne6 23. axb6 axb6 24. Ra1 Qb8 25. Ra2 Nd6 26. Qb3 Nc7 27. Nh4 Kh7 28. f4
Ncxb5 29. fxe5 Rxe5 30. Bxe5 Bxe5 31. Nf3 Nd4 32. Nxd4 Bxd4+ 33. Kh1 Qb7 34.
Bg2 Qd7 35. Qxb6 Nb5 36. Bh3 Qe8 37. Rf1 c4 38. Qb7 Kg7 39. dxc4 Nd6 40. Qc6
Qxc6 0-1

[Event "3. Open de Calviá 2006 Aficionados"]
[Site "Calvia ESP"]
[Date "2006.10.19"]
[Round "9.2"]
[White "Voiteanu, Gabriel"]
[Black "Barcelo, Pedro"]
[Result "1-0"]
[WhiteElo "2218"]
[BlackElo "2261"]
[PlyCount "129"]
[EventDate "2006.10.20"]
[EventType "swiss"]
[EventRounds "9"]
[EventCountry "ESP"]
[Source "lmi"]
[SourceDate "2006.10.20"]

1. d4 d5 2. c4 c6 3. Nf3 Nf6 4. Qc2 e6 5. g3 dxc4 6. Qxc4 b5 7. Qc2 Bb7 8. Bg2
Na6 9. Nc3 Qb6 10. Bg5 c5 11. Bxf6 gxf6 12. dxc5 Nxc5 13. O-O Rc8 14. Rad1 Bg7
15. Nd4 Bxg2 16. Kxg2 a6 17. e4 O-O 18. a3 Qb7 19. f3 Na4 20. Nde2 Nb6 21. b3
f5 22. Qd3 Qc6 23. Rc1 Rfd8 24. Qe3 fxe4 25. Nxe4 Nd5 26. Qg5 Qb6 27. Rxc8 Rxc8
28. Nf4 Nxf4+ 29. Qxf4 Qd4 30. Rf2 Qe5 31. Qh4 f5 32. Ng5 h6 33. Nh3 Qf6 34.
Qf4 e5 35. Qd2 Qc6 36. Re2 e4 37. fxe4 fxe4 38. Qe3 Re8 39. Nf2 Re5 40. Nxe4
Qe6 41. Qd3 Qd5 42. Qxd5+ Rxd5 43. Rd2 Rxd2+ 44. Nxd2 Bb2 45. a4 Kf7 46. Kf3
Ke6 47. Ke4 bxa4 48. bxa4 Bc3 49. Nb3 Kd6 50. g4 Bf6 51. Kf5 Bg5 52. Nd4 Be3
53. Ne6 a5 54. h4 Kd5 55. g5 hxg5 56. Nxg5 Kc4 57. h5 Bd4 58. h6 Kb4 59. Nf7
Kxa4 60. Ne5 Kb3 61. h7 Bxe5 62. Kxe5 Ka2 63. h8=Q a4 64. Qb8 a3 65. Kf5 1-0

[Event "3. Open de Calviá 2006 Aficionados"]
[Site "Calvia ESP"]
[Date "2006.10.19"]
[Round "9.3"]
[White "Lacrosse, Marc"]
[Black "Fogel, Pierre"]
[Result "1-0"]
[WhiteElo "2238"]
[BlackElo "2202"]
[PlyCount "101"]
[EventDate "2006.10.20"]
[EventType "swiss"]
[EventRounds "9"]
[EventCountry "ESP"]
[Source "lmi"]
[SourceDate "2006.10.20"]

1. d4 Nf6 2. c4 e6 3. Nf3 b6 4. a3 Ba6 5. Qc2 Bb7 6. Nc3 c5 7. e4 cxd4 8. Nxd4
Bc5 9. Nb3 Nc6 10. Bf4 e5 11. Bg5 h6 12. Bh4 O-O 13. Bd3 Be7 14. Qe2 Re8 15.
O-O Nd4 16. Nxd4 exd4 17. Bxf6 Bxf6 18. Nd5 b5 19. Nxf6+ Qxf6 20. cxb5 d5 21.
f3 Re7 22. Rae1 Rae8 23. Qd2 Qh4 24. Qf2 Qxf2+ 25. Kxf2 dxe4 26. Bxe4 Bxe4 27.
Rxe4 Rxe4 28. fxe4 Rc8 29. Kf3 Rc5 30. Rd1 Rxb5 31. b4 a5 32. Rxd4 axb4 33.
axb4 Kf8 34. Ke3 Ke7 35. Kd3 Rh5 36. h3 f5 37. exf5 Rxf5 38. Kc3 h5 39. Rd2 g5
40. Kc4 Rf4+ 41. Kc5 g4 42. hxg4 hxg4 43. b5 Rf1 44. b6 Rc1+ 45. Kb5 Rb1+ 46.
Kc6 Rc1+ 47. Kb7 Rc3 48. Kb8 g3 49. b7 Ke8 50. Rb2 Ra3 51. Kc7 1-0

[Event "3. Open de Calviá 2006 Aficionados"]
[Site "Calvia ESP"]
[Date "2006.10.19"]
[Round "9.4"]
[White "Skorna, Ullrich"]
[Black "Pascual Genoves, Marc"]
[Result "0-1"]
[WhiteElo "2098"]
[BlackElo "2206"]
[PlyCount "104"]
[EventDate "2006.10.20"]
[EventType "swiss"]
[EventRounds "9"]
[EventCountry "ESP"]
[Source "lmi"]
[SourceDate "2006.10.20"]

1. e4 g6 2. d4 d6 3. Nc3 c6 4. Nf3 Bg7 5. h3 Nf6 6. Be3 O-O 7. Qd2 b5 8. Bd3
Nbd7 9. O-O Qc7 10. Bh6 e5 11. Bxg7 Kxg7 12. dxe5 dxe5 13. Rad1 Re8 14. Qg5 h6
15. Qe3 Nh5 16. Ne2 Qb6 17. Qxb6 axb6 18. a3 Nc5 19. g4 Nf6 20. Ng3 Na4 21. Rb1
Nh7 22. c3 Ng5 23. Nxg5 hxg5 24. Bc2 Be6 25. Bxa4 bxa4 26. Rfd1 Red8 27. Nf1
Bb3 28. Rxd8 Rxd8 29. Re1 f6 30. Kg2 Kf7 31. Ng3 Rd2 32. Rh1 Rxb2 33. h4 gxh4
34. Rxh4 Kg7 35. Rh3 Be6 36. Nf1 Rb3 37. Rd3 Kf7 38. g5 Rxa3 39. Rf3 f5 40. Rh3
Kg7 41. Rd3 fxe4 42. Rd6 Bd5 43. Rd7+ Kf8 44. Ne3 Rxc3 45. Rb7 b5 46. Nxd5 cxd5
47. Rxb5 Rd3 48. Rb6 Kf7 49. Rf6+ Kg7 50. Re6 a3 51. Rxe5 Kf7 52. f4 a2 0-1

[Event "3. Open de Calviá 2006 Aficionados"]
[Site "Calvia ESP"]
[Date "2006.10.19"]
[Round "9.5"]
[White "Tattersall, Lester"]
[Black "Rhein, Klaus"]
[Result "1-0"]
[WhiteElo "2254"]
[BlackElo "2082"]
[PlyCount "73"]
[EventDate "2006.10.20"]
[EventType "swiss"]
[EventRounds "9"]
[EventCountry "ESP"]
[Source "lmi"]
[SourceDate "2006.10.20"]

1. e4 c5 2. Nf3 Nc6 3. d3 g6 4. g3 Bg7 5. Bg2 e5 6. Nc3 Nge7 7. O-O O-O 8. Nd2
d6 9. Nc4 Nd4 10. a4 Be6 11. Nd5 h6 12. f4 Qd7 13. Nxe7+ Qxe7 14. c3 Nc6 15. f5
gxf5 16. exf5 Bxc4 17. dxc4 Qf6 18. Be4 Kh7 19. Qh5 Rh8 20. b3 Kg8 21. Ra2 Kf8
22. g4 Ke8 23. Qh3 Bf8 24. g5 hxg5 25. Qg2 Kd7 26. Bxg5 Qg7 27. f6 Qg8 28. Qg4+
Kc7 29. Rg2 Bh6 30. h4 Bxg5 31. hxg5 Nd8 32. Bf5 Qe8 33. Rff2 Rg8 34. Rh2 Ne6
35. g6 Rxg6 36. Bxg6 fxg6 37. Rh7+ 1-0

[Event "3. Open de Calviá 2006 Aficionados"]
[Site "Calvia ESP"]
[Date "2006.10.19"]
[Round "9.6"]
[White "Fokin, Sergey"]
[Black "Van Hoolandt, Patrick"]
[Result "1-0"]
[WhiteElo "2157"]
[BlackElo "2282"]
[PlyCount "85"]
[EventDate "2006.10.20"]
[EventType "swiss"]
[EventRounds "9"]
[EventCountry "ESP"]
[Source "lmi"]
[SourceDate "2006.10.20"]

1. d4 Nf6 2. c4 e6 3. Nf3 Bb4+ 4. Nbd2 b6 5. g3 Bb7 6. Bg2 O-O 7. O-O d5 8. a3
Be7 9. b3 c5 10. Bb2 Nbd7 11. Rc1 Qb8 12. Rc2 cxd4 13. Nxd4 dxc4 14. Nc6 Bxc6
15. Bxc6 Rd8 16. Rxc4 Nc5 17. Bxa8 Qxa8 18. Qc2 b5 19. Rd4 Re8 20. Nf3 Nce4 21.
b4 Bd8 22. Rd3 Nd5 23. Rc1 a5 24. Rd4 Nxf2 25. Qc6 Bb6 26. Qxa8 Rxa8 27. Kxf2
axb4 28. axb4 g5 29. Ke1 Bxd4 30. Bxd4 g4 31. Ne5 Nxb4 32. Nxg4 f5 33. Ne3 Ra4
34. Rc8+ Kf7 35. Rc7+ Kg6 36. Be5 Na6 37. Rg7+ Kh6 38. Rg8 Re4 39. Bf4+ Kh5 40.
Rg5+ Kh6 41. Rxf5+ Kg6 42. Rxb5 Nb4 43. Re5 1-0

[Event "3. Open de Calviá 2006 Aficionados"]
[Site "Calvia ESP"]
[Date "2006.10.19"]
[Round "9.7"]
[White "Martin Rodriguez, Emilio"]
[Black "Ehsan, Ali"]
[Result "1/2-1/2"]
[WhiteElo "2130"]
[BlackElo "2236"]
[PlyCount "142"]
[EventDate "2006.10.20"]
[EventType "swiss"]
[EventRounds "9"]
[EventCountry "ESP"]
[Source "lmi"]
[SourceDate "2006.10.20"]

1. d4 Nf6 2. c4 e5 3. dxe5 Ng4 4. Nf3 Bc5 5. e3 Nc6 6. Be2 Ngxe5 7. O-O O-O 8.
Nc3 Nxf3+ 9. Bxf3 Ne5 10. b3 Qf6 11. Bb2 Nxf3+ 12. Qxf3 Qxf3 13. gxf3 Be7 14.
Nd5 Bd8 15. Kh1 d6 16. Rg1 f6 17. Rg3 Kf7 18. Rag1 g6 19. h4 Rb8 20. a4 c6 21.
Nc3 f5 22. h5 Bf6 23. Rd1 Be6 24. Rd2 Rfd8 25. e4 Be5 26. Rg1 gxh5 27. Rgd1 f4
28. Ne2 Rg8 29. Ba3 c5 30. Bc1 Ke7 31. Rd3 Rbf8 32. Nc3 Rg6 33. Rg1 Rfg8 34.
Rxg6 hxg6 35. Bb2 Rd8 36. Kg2 g5 37. Bc1 a6 38. Ne2 Rg8 39. Rd1 Rb8 40. Bd2 b5
41. axb5 axb5 42. cxb5 Rxb5 43. Bc3 Bxc3 44. Nxc3 Rxb3 45. Nd5+ Bxd5 46. Rxd5
c4 47. e5 dxe5 48. Rxe5+ Kf6 49. Rc5 Rb4 50. Kh3 Rb3 51. Kg2 g4 52. fxg4 hxg4
53. Rxc4 Kg5 54. Rc8 Rb6 55. Rg8+ Rg6 56. Ra8 Rh6 57. Ra5+ Kh4 58. Rf5 f3+ 59.
Kh2 g3+ 60. Kg1 Kg4 61. Ra5 gxf2+ 62. Kf1 Rh5 63. Ra8 Kg3 64. Rh8 Rc5 65. Rc8
Rg5 66. Rg8 Rg4 67. Rxg4+ Kxg4 68. Kxf2 Kf4 69. Kf1 Kg3 70. Kg1 f2+ 71. Kf1 Kf3
1/2-1/2

[Event "3. Open de Calviá 2006 Aficionados"]
[Site "Calvia ESP"]
[Date "2006.10.19"]
[Round "9.8"]
[White "Diogo, Vasco"]
[Black "Bergas Ferriol, Jeronimo"]
[Result "1/2-1/2"]
[WhiteElo "2220"]
[BlackElo "2108"]
[PlyCount "137"]
[EventDate "2006.10.20"]
[EventType "swiss"]
[EventRounds "9"]
[EventCountry "ESP"]
[Source "lmi"]
[SourceDate "2006.10.20"]

1. d4 Nf6 2. c4 g6 3. Nc3 Bg7 4. e4 c6 5. Nf3 d6 6. Be2 e5 7. O-O Nbd7 8. Be3
h6 9. dxe5 dxe5 10. h3 O-O 11. c5 Ne8 12. Bc4 Qe7 13. Qb3 Kh7 14. Nd2 f5 15.
exf5 gxf5 16. f4 e4 17. Rae1 Nef6 18. Be2 Nxc5 19. Qa3 Nfd7 20. Na4 b6 21. Nb3
Qf7 22. Nbxc5 bxc5 23. Nxc5 Nb6 24. Rd1 Be6 25. Nxe6 Qxe6 26. Rd6 Qf7 27. Rxc6
Rfc8 28. Rfc1 Rxc6 29. Rxc6 Rd8 30. b3 Qd7 31. Qc5 Nd5 32. Bf2 Nxf4 33. Bf1 Qd5
34. Qxd5 Nxd5 35. Bxa7 Rd7 36. Bc5 Nc3 37. g3 Nxa2 38. Be3 Nb4 39. Re6 Nc2 40.
Kf2 Rc7 41. Bc4 Na3 42. Be2 Rc2 43. Kf1 Rc3 44. Bf4 Rxb3 45. Bh5 Rb1+ 46. Ke2
Rb2+ 47. Kd1 Rb1+ 48. Ke2 Rb2+ 49. Kd1 Rb1+ 50. Bc1 Bb2 51. Rxh6+ Kg7 52. Rg6+
Kf8 53. Rc6 Nb5 54. Rc2 Rxc1+ 55. Rxc1 Bxc1 56. Kxc1 Kg7 57. Kd2 Nd4 58. Bd1
Kf6 59. Be2 Ne6 60. Bc4 Ng5 61. Bf1 Nf3+ 62. Ke3 Ne5 63. Be2 Kg5 64. h4+ Kf6
65. Kd4 Nf7 66. Bd1 Ne5 67. Ke3 Nf7 68. Bh5 Nd8 69. Kd4 1/2-1/2

[Event "3. Open de Calviá 2006 Aficionados"]
[Site "Calvia ESP"]
[Date "2006.10.19"]
[Round "9.9"]
[White "Kozarcanin, Sead"]
[Black "Loerke, Reinhard"]
[Result "0-1"]
[WhiteElo "2213"]
[BlackElo "2014"]
[PlyCount "124"]
[EventDate "2006.10.20"]
[EventType "swiss"]
[EventRounds "9"]
[EventCountry "ESP"]
[Source "lmi"]
[SourceDate "2006.10.20"]

1. e4 e5 2. Nc3 Nc6 3. g3 Bc5 4. Bg2 Nf6 5. d3 h6 6. Nf3 Qe7 7. O-O O-O 8. h3
Nh5 9. Kh2 f5 10. exf5 Nf6 11. Nh4 Qf7 12. Ne4 Nxe4 13. dxe4 Ne7 14. g4 Qf6 15.
Nf3 d5 16. Nd2 c6 17. Qe2 Bd6 18. Re1 Bc7 19. Nf3 dxe4 20. Qxe4 Nxf5 21. Nxe5
Nd6 22. Qe2 Qxf2 23. Qxf2 Rxf2 24. Kh1 Rxc2 25. Ng6 Bd7 26. Re7 Re8 27. Bf4
Rxe7 28. Nxe7+ Kf7 29. Nf5 Bxf5 30. gxf5 Rxb2 31. Rd1 Ke7 32. Re1+ Kd7 33. Be5
Rxa2 34. Bxg7 Nxf5 35. Bh8 Bg3 36. Rd1+ Kc7 37. Bf3 Ne3 38. Rd3 Bf4 39. Bf6
Rh2+ 40. Kg1 Rxh3 41. Bd8+ Kb8 42. Be4 Rg3+ 43. Kh1 Ng4 44. Rxg3 Bxg3 45. Kg2
Bc7 46. Be7 a5 47. Bf8 Ka7 48. Kf3 Ne5+ 49. Ke3 b5 50. Kd4 h5 51. Bg7 Kb6 52.
Bf6 Ng4 53. Bg5 c5+ 54. Kd5 a4 55. Bg6 a3 56. Bb1 b4 57. Kc4 Ne5+ 58. Kb3 Kb5
59. Be7 c4+ 60. Ka2 Ka4 61. Be4 b3+ 62. Kb1 c3 0-1

[Event "3. Open de Calviá 2006 Aficionados"]
[Site "Calvia ESP"]
[Date "2006.10.19"]
[Round "9.10"]
[White "Moran Rodriguez, Luciano"]
[Black "Babataeva, Indira"]
[Result "1/2-1/2"]
[WhiteElo "2130"]
[BlackElo "2194"]
[PlyCount "321"]
[EventDate "2006.10.20"]
[EventType "swiss"]
[EventRounds "9"]
[EventCountry "ESP"]
[Source "lmi"]
[SourceDate "2006.10.20"]

1. e4 d5 2. exd5 Qxd5 3. Nc3 Qd6 4. Bc4 Nf6 5. h3 c6 6. Nf3 Bf5 7. d4 e6 8. O-O
Nbd7 9. Qe2 Be7 10. a4 Nb6 11. Bb3 O-O 12. Nh4 Bg6 13. Nxg6 hxg6 14. Rd1 Qc7
15. Ne4 Nbd5 16. Ng5 Nh5 17. Qf3 Rad8 18. g3 b5 19. axb5 cxb5 20. c3 a5 21. Qe2
b4 22. c4 Nb6 23. c5 Nd5 24. Kh2 Nhf6 25. Nf3 Ra8 26. Bg5 Qd8 27. Bd2 Ra7 28.
Ra4 Qa8 29. Rda1 Bd8 30. Ne5 Bc7 31. Nc4 Nh5 32. Bc2 Qb8 33. Qf3 Qb5 34. Bd3
Qb7 35. Be4 Nhf6 36. Bd3 Qa8 37. Kg2 Kh7 38. Bg5 Rh8 39. h4 Rf8 40. Kg1 Kg8 41.
Bf1 Nh5 42. Bg2 Qb8 43. Bd2 Nhf6 44. b3 Qd8 45. Qd3 Re8 46. Bxb4 Nxb4 47. Rxb4
e5 48. d5 e4 49. Qd4 Nxd5 50. Rba4 f5 51. b4 Qa8 52. b5 Rd8 53. Qb2 Bxg3 54.
fxg3 Qc8 55. c6 Re7 56. Qb3 Kh7 57. Rxa5 Qe6 58. R5a3 f4 59. gxf4 Nxf4 60. Ne3
Qe5 61. Qc2 Qxb5 62. c7 Rc8 63. Ra7 Ne2+ 64. Kh1 Ng3+ 65. Kg1 Ne2+ 66. Kh2 Qe5+
67. Kh1 Ng3+ 68. Kg1 Rcxc7 69. Rxc7 Rxc7 70. Qd1 Qc5 71. Qe1 Nf5 72. Ra5 Qxe3+
73. Qxe3 Nxe3 74. Bxe4 Rc1+ 75. Kf2 Ng4+ 76. Kg2 Nf6 77. Bd3 Rc3 78. Be2 Re3
79. Bf3 Kh6 80. Ra8 Kh7 81. Ra4 Rd3 82. Rb4 Rc3 83. Ra4 Kh6 84. Ra8 Kh7 85. Ra4
Rb3 86. Rc4 Nd7 87. Rc8 Ne5 88. Bd5 Rb4 89. Bg8+ Kh6 90. Kg3 g5 91. hxg5+ Kxg5
92. Rc3 Rg4+ 93. Kf2 Rf4+ 94. Kg3 Rd4 95. Be6 Kf6 96. Bc8 Rb4 97. Bh3 Rb1 98.
Bg2 Ra1 99. Rb3 g5 100. Rc3 Kf5 101. Rb3 Ra5 102. Bh3+ Ke4 103. Bg2+ Kf5 104.
Bh3+ g4 105. Bxg4+ Nxg4 106. Rb8 Ra3+ 107. Kg2 Nf6 108. Rf8 Kg5 109. Rb8 Kf4
110. Rf8 Ra2+ 111. Kf1 Ke5 112. Rb8 Ne4 113. Re8+ Kf4 114. Rf8+ Ke3 115. Re8
Kf3 116. Rf8+ Kg3 117. Rg8+ Kf4 118. Rf8+ Kg4 119. Rg8+ Ng5 120. Rg7 Kf3 121.
Ke1 Ne4 122. Kd1 Ke3 123. Re7 Rh2 124. Re8 Kd3 125. Rd8+ Kc4 126. Rc8+ Nc5 127.
Ke1 Kd4 128. Rd8+ Ke3 129. Re8+ Ne4 130. Kd1 Rd2+ 131. Kc1 Rh2 132. Kd1 Kd4
133. Rd8+ Kc4 134. Rc8+ Nc5 135. Ke1 Kd4 136. Rd8+ Ke3 137. Re8+ Ne4 138. Kd1
Ra2 139. Kc1 Kd3 140. Rd8+ Kc4 141. Rc8+ Nc5 142. Kd1 Ra6 143. Kd2 Rd6+ 144.
Ke3 Rd3+ 145. Ke2 Rh3 146. Kd2 Rd3+ 147. Ke2 Rd5 148. Ke3 Re5+ 149. Kd2 Kd4
150. Rd8+ Ke4 151. Kc2 Ne6 152. Rc8 Nd4+ 153. Kd2 Rd5 154. Re8+ Ne6+ 155. Ke2
Re5 156. Kd2 Kd4 157. Re7 Ke4 158. Re8 Kd4 159. Re7 Re4 160. Re8 Kd5 161. Ra8
1/2-1/2